[Event "Gruppe A"]
[Round "4.18"]
[White "Oelschläger,Malo"]
[WhiteElo "1775"]
[WhiteNwz "1700"]
[Black "Höllman,Ludger"]
[BlackElo "2040"]
[BlackNwz "2081"]
[Result "1/2-1/2"]
[PlyCount "49"]

1. e4 c6 2. d4 d5 3. f3 g6 4. e5 Qb6 5. f4 Nh6 6. Nf3 Bg4 7. c3 e6 8. N1d2 Nf5 9. Nb3 a6 10. Qd3 Nd7 11. h3 Bxf3 12. Qxf3 h5 13. g4 hxg4 14. hxg4 Rxh1 15. gxf5 Rxf1+ 16. Qxf1 gxf5 17. Nd2 Be7 18. Nf3 O-O-O 19. Qg2 Qb5 20. Qe2 Rh8 21. Be3 Rh1+ 22. Bg1 Bh4+ 23. Kf1 Be7 24. Qxb5 cxb5 25. Nh2 1/2-1/2

[Event "Gruppe A"]
[Round "4.19"]
[White "Grochtmann,Stephan"]
[WhiteElo "1939"]
[WhiteNwz "1967"]
[Black "Rabiya,Karim"]
[BlackElo "1787"]
[BlackNwz "1770"]
[Result "1-0"]
[PlyCount "53"]

1. e4 Nf6 2. e5 Nd5 3. c4 Nb6 4. d4 d6 5. exd6 cxd6 6. Nc3 g6 7. Be3 Bg7 8. Rc1 O-O 9. Nf3 Nc6 10. d5 Ne5 11. Nxe5 Bxe5 12. Qd2 e6 13. Be2 f5 14. f4 Bg7 15. O-O e5 16. b3 Bd7 17. a4 a6 18. fxe5 Bxe5 19. Bd4 Qc7 20. a5 Nc8 21. b4 b6 22. axb6 Nxb6 23. Bxe5 dxe5 24. c5 Na4 25. d6 Qb7 26. Nxa4 Bxa4 27. Qa2+ 1-0

[Event "Gruppe A"]
[Round "4.20"]
[White "Geertsma,Hendrik"]
[WhiteElo "1887"]
[WhiteNwz "1813"]
[Black "Wilmink,Luca"]
[BlackElo "1764"]
[BlackNwz "1774"]
[Result "1/2-1/2"]
[PlyCount "86"]

1. d4 Nf6 2. Nf3 d5 3. e3 c5 4. b3 Nc6 5. Bb2 Bf5 6. a3 e6 7. N1d2 Bd6 8. Ne5 Qc7 9. f4 Ne4 10. Bd3 Nxd2 11. Qxd2 Bxd3 12. Qxd3 Bxe5 13. fxe5 Rc8 14. Rc1 Ne7 15. c4 b6 16. O-O O-O 17. b4 dxc4 18. Rxc4 Qd7 19. R1c1 cxb4 20. axb4 Rxc4 21. Rxc4 Rc8 22. Rxc8+ Qxc8 23. e4 Qc6 24. b5 Qb7 25. Ba3 Ng6 26. Qc2 Qd7 27. Bd6 f6 28. Qc6 Qd8 29. exf6 Qxf6 30. Qe8+ Nf8 31. Be5 Qf7 32. Qb8 h6 33. Bd6 Qf6 34. Be5 Qf7 35. Qd6 Qd7 36. Qc6 Qf7 37. d5 exd5 38. exd5 Qe7 39. Bg3 Kf7 40. d6 Qd7 41. Qd5+ Qe6 42. Qf3+ Kg8 43. Qb7 Qd7 1/2-1/2

[Event "Gruppe A"]
[Round "4.21"]
[White "Klausmeier,Achim"]
[WhiteElo "1744"]
[WhiteNwz "1686"]
[Black "Wernke-Schmiesing,Sebastian"]
[BlackElo "1851"]
[BlackNwz "1762"]
[Result "0-1"]
[PlyCount "72"]

1. e4 c6 2. Nf3 d5 3. exd5 cxd5 4. Ne5 Nf6 5. d4 e6 6. c3 Be7 7. Bd3 O-O 8. O-O Nc6 9. f4 Qb6 10. Kh1 a5 11. a4 Bd6 12. Qf3 Ne7 13. g4 Ng6 14. Nd2 Qd8 15. Qh3 b6 16. N2f3 Ba6 17. Bxa6 Rxa6 18. f5 Nh8 19. Bg5 Re8 20. Rae1 b5 21. axb5 Rb6 22. Bh4 Rxb5 23. Qg2 Rb6 24. Rc1 Be7 25. g5 Ne4 26. f6 Bd6 27. fxg7 Ng6 28. Nxg6 hxg6 29. Ne5 Kxg7 30. Rfe1 Rb7 31. Re3 Rh8 32. Bg3 Qxg5 33. Bf4 Qxg2+ 34. Kxg2 Rxb2+ 35. Kg1 f6 36. Nd3 Bxf4 0-1

[Event "Gruppe A"]
[Round "4.22"]
[White "Hüls,Arne"]
[WhiteElo "1846"]
[WhiteNwz "1791"]
[Black "Salim,Florian"]
[BlackElo "1648"]
[BlackNwz "1807"]
[Result "0-1"]
[PlyCount "120"]

1. d4 Nf6 2. Nc3 d5 3. Bf4 c5 4. e3 cxd4 5. exd4 Bg4 6. f3 Bd7 7. Nb5 Bxb5 8. Bxb5+ N8d7 9. Bd3 e6 10. Ne2 Be7 11. O-O Rc8 12. Be3 a6 13. Ng3 O-O 14. f4 Nb6 15. b3 Bd6 16. Qf3 Nfd7 17. Qh5 g6 18. Qf3 f5 19. Nh1 Nf6 20. Nf2 Ne4 21. g4 Rf7 22. g5 Nd7 23. Kg2 h6 24. h4 h5 25. c4 Nb8 26. c5 Bf8 27. Nh3 b6 28. b4 a5 29. a3 axb4 30. axb4 bxc5 31. bxc5 Nc6 32. Ng1 Ra8 33. Qe2 R7a7 34. Rxa7 Rxa7 35. Nf3 Bg7 36. Rc1 Qc7 37. Rc2 Nb4 38. Rd2 Nxd2 39. Bxd2 Ra2 40. Kg3 Nxd3 41. Qxd3 Ra8 42. Qb5 Ra6 43. Be1 Kh7 44. Bb4 Rb6 45. Qa4 Rc6 46. Ba5 Ra6 47. Bxc7 Rxa4 48. Be5 Bxe5 49. fxe5 Kg7 50. Kf4 Kf7 51. Ke3 Ke7 52. Ng1 Ra3+ 53. Kf2 Ra4 54. Ne2 Kf7 55. Kf3 Ra3+ 56. Kg2 Re3 57. Nf4 Re4 58. c6 Rxd4 59. c7 Rc4 60. Kf3 Rxc7 0-1

[Event "Gruppe A"]
[Round "4.23"]
[White "Popkiewicz,Adam"]
[WhiteElo "1766"]
[WhiteNwz "1737"]
[Black "Fize,Aleksandrs"]
[BlackElo "1832"]
[BlackNwz "1710"]
[Result "1-0"]
[PlyCount "89"]

1. d4 d5 2. c4 e6 3. Nc3 c6 4. Nf3 dxc4 5. a4 a6 6. e3 Nf6 7. Bxc4 N8d7 8. O-O Bd6 9. Qc2 O-O 10. Rd1 Qc7 11. Bd3 e5 12. dxe5 Nxe5 13. Nxe5 Bxe5 14. f4 Bd6 15. Ne2 h6 16. h3 Nd5 17. Bc4 Nf6 18. Bd3 Re8 19. e4 Qb6+ 20. Kh1 Be6 21. a5 Qf2 22. e5 Bd5 23. Nc3 Bxg2+ 24. Kh2 Bxh3+ 25. Qxf2 Ng4+ 26. Kg1 Nxf2 27. Kxf2 Bc5+ 28. Kg3 Be6 29. Ne4 Be7 30. Be3 Red8 31. Bc5 Bxc5 32. Nxc5 Bd5 33. Be4 Bxe4 34. Nxe4 Kf8 35. Rd6 Rxd6 36. exd6 Ke8 37. Nc5 Rd8 38. Rd1 g5 39. Nxb7 gxf4+ 40. Kxf4 Rb8 41. d7+ Ke7 42. d8Q+ Rxd8 43. Nxd8 c5 44. Nc6+ Ke6 45. Nb8 1-0

[Event "Gruppe A"]
[Round "4.24"]
[White "Lüders Vega,Iago Ernst"]
[WhiteElo "1675"]
[WhiteNwz "1500"]
[Black "Dettmer,Niels"]
[BlackElo "1787"]
[BlackNwz "1732"]
[Result "1/2-1/2"]
[PlyCount "60"]

1. e4 e6 2. d4 d5 3. exd5 exd5 4. Bd3 Bd6 5. Nf3 Bg4 6. h3 Bh5 7. O-O Ne7 8. c3 Qd7 9. Ne5 Bxd1 10. Nxd7 Nxd7 11. Rxd1 O-O-O 12. Bg5 f6 13. Bh4 Rde8 14. Bg3 Bxg3 15. fxg3 g6 16. Nd2 Nc6 17. Re1 Kd8 18. Kf2 a6 19. a4 Rxe1 20. Rxe1 Re8 21. Rxe8+ Kxe8 22. g4 Kf7 23. Ke3 Nb6 24. b3 h6 25. h4 Ne7 26. h5 g5 27. Nf1 N6c8 28. Kf3 Ke6 29. Ne3 Nd6 30. g3 b5 1/2-1/2

[Event "Gruppe A"]
[Round "4.25"]
[White "Middelberg,Simon"]
[WhiteElo "1639"]
[WhiteNwz "1581"]
[Black "Körber,Uwe"]
[BlackElo "1775"]
[BlackNwz "1664"]
[Result "1-0"]
[PlyCount "97"]

1. e4 c5 2. Nf3 e6 3. d4 cxd4 4. Nxd4 a6 5. Be3 Nf6 6. f3 Qc7 7. c4 Bb4+ 8. Nd2 O-O 9. a3 Bd6 10. g3 b6 11. Bg2 Bb7 12. O-O Nc6 13. b4 h5 14. N2b3 Ne5 15. c5 bxc5 16. bxc5 Be7 17. Rc1 Rac8 18. Qd2 Bd8 19. Bf4 h4 20. Qc3 Nh5 21. Nxe6 Nxf4 22. Nxf4 Bg5 23. Rcd1 Bxf4 24. gxf4 Ng6 25. Rf2 Nxf4 26. R2d2 Qc6 27. Kh1 h3 28. Bf1 Qg6 29. Nd4 Qg5 30. Nf5 Rce8 31. Nd6 Bc6 32. Bxh3 Nxh3 33. Rg2 Qe5 34. Qd2 Nf4 35. Rg4 Ng6 36. Nxe8 Rxe8 37. Rg5 Qf6 38. Rf5 Qh4 39. Qa2 Qe7 40. Kg1 Nh4 41. Rf4 Qxc5+ 42. Kh1 Rf8 43. Rxh4 Qe3 44. Rf1 Rb8 45. Qf2 Qxa3 46. Qg3 Rf8 47. Rg1 Qc3 48. Rg4 Re8 49. Rxg7+ 1-0

[Event "Gruppe A"]
[Round "4.27"]
[White "Grasser,Stefan"]
[WhiteElo "1777"]
[WhiteNwz "1657"]
[Black "Schulz,Markus"]
[BlackElo "1689"]
[BlackNwz "1681"]
[Result "1-0"]
[PlyCount "81"]

1. c4 c5 2. Nc3 Nc6 3. g3 g6 4. Bg2 Bg7 5. e3 e6 6. N1e2 N8e7 7. O-O O-O 8. d4 cxd4 9. exd4 d5 10. cxd5 exd5 11. Be3 Be6 12. Rc1 Qd7 13. Nf4 Rac8 14. Qd2 Rfd8 15. N3e2 Nf5 16. Nd3 N5xd4 17. Nc5 Nxe2+ 18. Qxe2 Qe7 19. Bg5 Qxg5 20. Nxe6 fxe6 21. Qxe6+ Kh8 22. Rcd1 d4 23. Rfe1 Qf6 24. Qb3 Na5 25. Qb4 b6 26. Qb5 Rc2 27. f4 Nc4 28. Be4 Nd6 29. Qb3 Rc5 30. Bd5 Rb5 31. Qf3 Nf5 32. Bc4 Rxb2 33. Re6 Qf8 34. Qb7 Ne3 35. Re1 Nxc4 36. Re7 Rxa2 37. R1e6 d3 38. Qc7 b5 39. Rxg7 d2 40. Rxh7+ Kg8 41. Rxg6+ 1-0

[Event "Gruppe A"]
[Round "4.28"]
[White "Stein,Daniel"]
[WhiteElo "1772"]
[WhiteNwz "1640"]
[Black "Weßels,Keke"]
[BlackElo "1534"]
[BlackNwz "1491"]
[Result "1-0"]
[PlyCount "55"]

1. d4 Nf6 2. Nf3 g6 3. c4 Bg7 4. e3 O-O 5. Be2 d6 6. Nc3 N8d7 7. O-O e5 8. Qc2 Ne8 9. Rd1 f5 10. dxe5 Nxe5 11. c5 Qe7 12. Nd5 Nxf3+ 13. Bxf3 Qe5 14. cxd6 Qxd6 15. Bd2 a5 16. Bc3 Bxc3 17. Qxc3 c6 18. Nb6 Qb8 19. Nxa8 Qxa8 20. Rd8 Ng7 21. Rxf8+ Kxf8 22. Qf6+ Kg8 23. Rd1 Ne6 24. Qe7 Qb8 25. Be2 b5 26. Bf3 f4 27. Bg4 Nf8 28. Rd8 1-0

[Event "Gruppe A"]
[Round "5.1"]
[White "Vöge,Tobias"]
[WhiteElo "2256"]
[WhiteNwz "2249"]
[Black "Stotyn,Fabian"]
[BlackElo "2172"]
[BlackNwz "2236"]
[Result "1-0"]
[PlyCount "81"]

1. c4 e5 2. Nc3 Nf6 3. g3 d5 4. cxd5 Nxd5 5. Bg2 Nxc3 6. bxc3 Nc6 7. Qb3 Bd6 8. Nf3 O-O 9. O-O Rb8 10. d4 exd4 11. cxd4 Qe7 12. d5 Ne5 13. Nd4 c5 14. dxc6 bxc6 15. Qc2 c5 16. Nf5 Bxf5 17. Qxf5 Rb6 18. Bg5 Qc7 19. Rfd1 h6 20. Bd2 Qe7 21. Ba5 Ra6 22. Bc3 Bb8 23. Rab1 Ng6 24. Rd7 Qe6 25. Qxe6 Rxe6 26. Bd5 Re7 27. R1b7 R8e8 28. Bc6 Rxd7 29. Bxd7 Rd8 30. Ba5 Rf8 31. Bc6 Be5 32. Rxa7 c4 33. Bb4 Rc8 34. Ra8 Rxa8 35. Bxa8 Bb2 36. Be4 Ne5 37. a4 Bd4 38. a5 f5 39. Bd5+ Kh7 40. a6 g5 41. Bc3 1-0

[Event "Gruppe A"]
[Round "5.3"]
[White "Rosin,Michael"]
[WhiteElo "1999"]
[WhiteNwz "1920"]
[Black "Amini,Yusuf"]
[BlackElo "2021"]
[BlackNwz "2022"]
[Result "0-1"]
[PlyCount "68"]

1. e4 c5 2. c3 d5 3. exd5 Qxd5 4. Nf3 Nf6 5. d4 e6 6. Bd3 Be7 7. O-O O-O 8. Be3 b6 9. Qe2 Bb7 10. c4 Qh5 11. dxc5 Bxc5 12. N1d2 Bd6 13. h3 N8d7 14. Bd4 Rad8 15. Ne4 Nxe4 16. Bxe4 Bxe4 17. Qxe4 e5 18. Bc3 Nc5 19. Qc2 Rfe8 20. Rfe1 e4 21. Nd2 f5 22. Nf1 Nd3 23. Red1 Bc5 24. Ne3 f4 25. Ng4 Qh4 26. b4 Nxb4 27. Qb2 Rxd1+ 28. Rxd1 Nd3 29. Rxd3 exd3 30. Bxg7 Re1+ 31. Kh2 Qg3+ 32. fxg3 Bg1+ 33. Kh1 Bf2+ 34. Kh2 Bxg3# 0-1

[Event "Gruppe A"]
[Round "5.5"]
[White "Holtwessels,Jan"]
[WhiteElo "2000"]
[WhiteNwz "2055"]
[Black "ter Stal,Sven"]
[BlackElo "1942"]
[BlackNwz "1889"]
[Result "1-0"]
[PlyCount "76"]

1. e4 c5 2. Nf3 e6 3. g3 Nc6 4. Bg2 d5 5. exd5 exd5 6. d4 Nf6 7. O-O c4 8. Ne5 Bf5 9. Nxc6 bxc6 10. Re1+ Be7 11. Qe2 Be6 12. b3 cxb3 13. axb3 O-O 14. Ba3 Bxa3 15. Rxa3 Re8 16. Qd2 Bf5 17. Rxe8+ Qxe8 18. Nc3 Qe3 19. Ra6 Re8 20. h3 Qe1+ 21. Qxe1 Rxe1+ 22. Kh2 Bxc2 23. b4 Be4 24. f3 Bd3 25. Rxc6 Kf8 26. Rc7 a6 27. Rc5 Ke7 28. f4 Be4 29. g4 Re3 30. Bxe4 Rxe4 31. Nxe4 dxe4 32. Kg2 Kd6 33. Ra5 Kc6 34. Rxa6+ Kb5 35. Rxf6 gxf6 36. d5 f5 37. gxf5 f6 38. Kf2 Kc4 1-0

[Event "Gruppe A"]
[Round "5.6"]
[White "Mündörfer,Sebastian"]
[WhiteElo "2123"]
[WhiteNwz "2103"]
[Black "Schrader,Hans-Joachim"]
[BlackElo "1951"]
[BlackNwz "1865"]
[Result "0-1"]
[PlyCount "93"]

1. d4 Nf6 2. Nf3 e6 3. c4 c5 4. d5 d6 5. Nc3 exd5 6. cxd5 g6 7. Bg5 N8d7 8. e4 Bg7 9. Qd2 O-O 10. Bd3 Re8 11. O-O a6 12. a4 Qc7 13. Bc2 Rb8 14. a5 b5 15. axb6 Rxb6 16. b3 Rb4 17. Rfe1 c4 18. Na2 Rb8 19. Rac1 cxb3 20. Bxb3 Nc5 21. Bxf6 Bxf6 22. Ba4 Bd7 23. Qf4 Bg7 24. Rxc5 Qxc5 25. Bxd7 Red8 26. Bc6 Rb2 27. Rf1 Rxa2 28. Ng5 Rf8 29. Be8 Qa7 30. Bxf7+ Rxf7 31. Nxf7 Qxf7 32. Qxd6 Bd4 33. Qg3 Qb7 34. Qd3 Bxf2+ 35. Rxf2 Qb6 36. Qf1 Rb2 37. g3 Rb1 38. Kg2 Rxf1 39. Rxf1 Qb2+ 40. Rf2 Qe5 41. Kf3 a5 42. Rd2 Qd6 43. Ke3 a4 44. Kd4 Qb4+ 45. Ke3 Kf7 46. d6 Ke8 47. e5 0-1

[Event "Gruppe A"]
[Round "5.7"]
[White "Direk,Oguzhan"]
[WhiteElo "2052"]
[WhiteNwz "1999"]
[Black "Krüger,Moritz"]
[BlackElo "1909"]
[BlackNwz "1818"]
[Result "1-0"]
[PlyCount "71"]

1. d4 Nf6 2. Nc3 d5 3. Bf4 c5 4. e3 cxd4 5. exd4 Bf5 6. f3 Nc6 7. g4 Bg6 8. h4 h6 9. Bd3 Bxd3 10. Qxd3 e6 11. O-O-O Bd6 12. N1e2 Bxf4+ 13. Nxf4 Qc7 14. Qe3 Na5 15. N4xd5 Nxd5 16. Nxd5 Qc4 17. Nc3 Rc8 18. Qe5 Qb4 19. Qb5+ Qxb5 20. Nxb5 O-O 21. Nxa7 Ra8 22. Nb5 Rfc8 23. Kb1 Nc4 24. b3 Ne3 25. Rd2 Nd5 26. c4 Nf4 27. Nc3 Ra6 28. d5 exd5 29. Nxd5 Nxd5 30. Rxd5 Rf6 31. Rd3 Rc5 32. Re1 Kh7 33. Re7 b6 34. R3d7 Kh8 35. Rd8+ Kh7 36. Rf8 1-0

[Event "Gruppe A"]
[Round "5.8"]
[White "Warns,Harald"]
[WhiteElo "1718"]
[WhiteNwz "1663"]
[Black "Hart,Martin"]
[BlackElo "2047"]
[BlackNwz "2027"]
[Result "1/2-1/2"]
[PlyCount "61"]

1. d4 d6 2. c4 Nd7 3. Nc3 e5 4. Nf3 N8f6 5. dxe5 dxe5 6. Qc2 c6 7. Bg5 Qa5 8. Bd2 Qc7 9. e3 Be7 10. h3 O-O 11. Be2 Re8 12. O-O Bf8 13. Ng5 Nc5 14. b4 Ne6 15. N5e4 Nxe4 16. Nxe4 f5 17. Ng3 g6 18. Rfd1 c5 19. b5 b6 20. Bc3 Bb7 21. Rd2 Rad8 22. R1d1 Bg7 23. Rxd8 Rxd8 24. Rxd8+ Nxd8 25. Qd1 Nf7 26. Nf1 e4 27. Bxg7 Kxg7 28. f4 exf3 29. Bxf3 Bxf3 30. gxf3 Qd6 31. Qxd6 1/2-1/2

[Event "Gruppe A"]
[Round "5.9"]
[White "Bundan,Edward"]
[WhiteElo "2020"]
[WhiteNwz "2024"]
[Black "Schöne,Finn"]
[BlackElo "1868"]
[BlackNwz "1902"]
[Result "1-0"]
[PlyCount "61"]

1. e4 c5 2. Nf3 e6 3. d4 cxd4 4. Nxd4 Nc6 5. Nc3 Qc7 6. Be3 a6 7. Qf3 Bd6 8. O-O-O Be5 9. Nxc6 dxc6 10. Bd4 Nf6 11. Bxe5 Qxe5 12. Qe3 O-O 13. f4 Qc7 14. h3 b5 15. e5 Nd5 16. Nxd5 cxd5 17. Bd3 Bb7 18. Rhg1 Rfc8 19. g4 Qc5 20. Qg3 b4 21. Kb1 Qa5 22. Qh4 g6 23. f5 d4 24. Rde1 Rc5 25. Qh6 Qd8 26. fxe6 fxe6 27. Rgf1 Qc7 28. Bxg6 hxg6 29. Qxg6+ Qg7 30. Qxe6+ Kh8 31. Rf5 1-0

[Event "Gruppe A"]
[Round "5.15"]
[White "Salim,Florian"]
[WhiteElo "1648"]
[WhiteNwz "1807"]
[Black "Shynkar,Daria"]
[BlackElo "1904"]
[BlackNwz "1785"]
[Result "0-1"]
[PlyCount "64"]

1. e4 c5 2. Nf3 a6 3. d4 cxd4 4. Be2 Qc7 5. Nxd4 Nf6 6. Bf3 e5 7. Nb3 Bb4+ 8. c3 Be7 9. O-O O-O 10. g3 b6 11. Bg2 Bb7 12. Re1 Rd8 13. Qc2 Nc6 14. Be3 a5 15. N1d2 Ba6 16. c4 Nb4 17. Qc3 Rac8 18. a3 Nc6 19. c5 b5 20. Kh1 a4 21. Nc1 Ng4 22. b4 Nxe3 23. Qxe3 Nd4 24. Ra2 d6 25. Bh3 Rb8 26. cxd6 Rxd6 27. Qd3 Nb3 28. Rc2 Qd8 29. Qc3 Nxd2 30. Rd1 Nxe4 31. Rxd6 Qxd6 32. Qe3 Qd1+ 0-1

[Event "Gruppe A"]
[Round "5.16"]
[White "Bartsch,Jan"]
[WhiteElo "1877"]
[WhiteNwz "1858"]
[Black "Subenko,Alexander"]
[BlackElo "1631"]
[BlackNwz "1611"]
[Result "1/2-1/2"]
[PlyCount "69"]

1. b3 Nf6 2. Bb2 d5 3. e3 a6 4. f4 Nc6 5. Nf3 e6 6. Be2 Bd7 7. O-O Bd6 8. Ne5 Qe7 9. d3 h6 10. Nd2 O-O-O 11. h3 Rhg8 12. c4 Nh7 13. a3 Bc5 14. d4 Ba7 15. c5 g5 16. N2f3 Rg7 17. Rf2 f5 18. Nxc6 Bxc6 19. Ne5 Bd7 20. c6 Bxc6 21. Nxc6 bxc6 22. Bxa6+ Kd7 23. Qc2 Rb8 24. Rc1 Qd6 25. b4 Nf6 26. Bd3 Rb6 27. Qa4 Bb8 28. R2c2 Ke7 29. Rxc6 Rxc6 30. Qxc6 Qd8 31. Rc2 Qg8 32. b5 gxf4 33. exf4 Rg3 34. Bf1 Rxh3 35. Rc3 1/2-1/2

[Event "Gruppe A"]
[Round "5.19"]
[White "Reckzügel,Philipp"]
[WhiteElo "1989"]
[WhiteNwz "2032"]
[Black "Lüders Vega,Iago Ernst"]
[BlackElo "1675"]
[BlackNwz "1500"]
[Result "1/2-1/2"]
[PlyCount "40"]

1. d4 Nf6 2. c4 e6 3. Nf3 d5 4. e3 Be7 5. Nc3 O-O 6. Bd3 dxc4 7. Bxc4 c5 8. O-O Nc6 9. a3 b6 10. Bb5 Bb7 11. Qa4 Qc7 12. dxc5 Bxc5 13. b4 Bd6 14. Be2 Ne5 15. Nb5 Qc6 16. Bb2 a6 17. Nc3 Nxf3+ 18. Bxf3 Qxa4 19. Nxa4 Bxf3 20. gxf3 b5 1/2-1/2

[Event "Gruppe A"]
[Round "5.21"]
[White "Dettmer,Niels"]
[WhiteElo "1787"]
[WhiteNwz "1732"]
[Black "Kewe,Stefan"]
[BlackElo "1807"]
[BlackNwz "1720"]
[Result "0-1"]
[PlyCount "72"]

1. d4 Nf6 2. g3 g6 3. Bg2 Bg7 4. e4 d6 5. Ne2 O-O 6. O-O N8d7 7. c4 c5 8. d5 a6 9. a4 Rb8 10. N2c3 Ne8 11. Qe2 Nc7 12. f4 Re8 13. Be3 e6 14. Na3 exd5 15. cxd5 Nf6 16. Qd3 Ng4 17. Nc2 f5 18. Rae1 fxe4 19. Bxe4 Nxe3 20. Rxe3 b5 21. R1e1 b4 22. Ne2 Bxb2 23. Rb1 Bg7 24. Kg2 a5 25. Qd2 Bd7 26. Ne1 Bxa4 27. Qa2 Qd7 28. Kf3 Nb5 29. Kf2 Nd4 30. Bd3 Rxe3 31. Kxe3 Re8+ 32. Kf2 Qe7 33. Nxd4 Bxd4+ 34. Kg2 Bd7 35. Nf3 Qe3 36. Qc4 Qf2+ 0-1

[Event "Gruppe A"]
[Round "5.26"]
[White "Körber,Uwe"]
[WhiteElo "1775"]
[WhiteNwz "1664"]
[Black "Schulz,Markus"]
[BlackElo "1689"]
[BlackNwz "1681"]
[Result "1-0"]
[PlyCount "95"]

1. e4 c5 2. Nc3 Nc6 3. f4 g6 4. Bb5 Bg7 5. Bxc6 dxc6 6. Nf3 f6 7. O-O e5 8. d3 Qe7 9. fxe5 fxe5 10. Ne2 Nf6 11. Bg5 h6 12. Be3 Nh5 13. Qd2 g5 14. c3 Be6 15. b4 cxb4 16. cxb4 b6 17. a4 O-O 18. a5 Qc7 19. Rfc1 Rad8 20. Qc3 Bd7 21. d4 Nf4 22. Bxf4 exf4 23. e5 Be8 24. Qb3+ Kh8 25. Qd3 Qe7 26. axb6 axb6 27. h3 b5 28. Rc5 h5 29. e6 g4 30. Ng5 Bf6 31. h4 Rd5 32. Rxd5 cxd5 33. Nf7+ Bxf7 34. exf7 Qxf7 35. Nxf4 Bxh4 36. Rf1 Bg5 37. Ng6+ Qxg6 38. Qxg6 Be3+ 39. Rf2 Bxf2+ 40. Kf1 Bxd4+ 41. Ke2 Bg7 42. Qxh5+ Kg8 43. Qxd5+ Kh8 44. Qxb5 g3 45. Qh5+ Kg8 46. Qg5 Re8+ 47. Kf3 Rb8 48. b5 1-0